[Event "FRA-ch"]
[Site "Aix les Bains"]
[Date "2003.08.28"]
[Round "10"]
[White "Vaisser, Anatoli"]
[Black "Sokolov, Andrei"]
[Result "0-1"]
[WhiteElo "2571"]
[BlackElo "2554"]
[Annotator "Golod,V"]
[PlyCount "64"]
[EventDate "2003.08.18"]
[EventType "tourn"]
[EventRounds "11"]
[EventCountry "FRA"]
[EventCategory "13"]
[SourceTitle "CBM 097"]
[Source "ChessBase"]
[SourceDate "2003.11.11"]
[SourceVersion "1"]
[SourceVersionDate "2003.11.11"]
[SourceQuality "1"]

1. d4 Nf6 2. c4 e6 3. Nc3 Bb4 4. Qc2 c5 5. dxc5 O-O 6. a3 Bxc5 7. Nf3 b6 8. e3
{A little bit passive continuation. Besides White has two main alternatives:} (
8. Bf4 $5 {You can see comments to Gershon,A-Macieja,B/Bermuda,2003/CBM 94(1-0)
(Golod,V)(62)}) (8. Bg5 $5 {You can see annotations to game: Morovic Fernandez,
I-Milos,G/Santos,2003/CBM 95(1-0)(Golod,V)(45)}) 8... Bb7 9. Bd3 ({Also
repeatedly were checked up in previous games:} 9. Be2 $5) 9... Bxf3 $1 $146 {
Novelty on the early stage of the game! Black has decided to spoil a pawns
structure of White and then to begin active actions at the centre.} ({Once
were checked in the preceding games:} 9... Qc7 {9...d5 and 9...a6}) ({On:} 9...
h6 {you can find four games}) ({and after:} 9... Nc6 $5 {you can find three
game in Mega Database 2003}) ({Repeatedly were checked up in previous games:} 
9... Be7 $5 {For an example one of them:} 10. O-O Bxf3 11. gxf3 Nc6 12. f4 $13
{Leitao,R-Kasimdzhanov,R/Guarapuava,1995(1/2-1/2)(32)}) 10. gxf3 Nc6 11. Bd2 $6
({Can it was necessary to decide on the more active continuation:} 11. b4 $5
Be7 {[%cal Gd7d5]} 12. Bb2 (12. f4 $143 d5 $36) 12... Ne5 {[%csl Rc4,Rd3,Ge5,
Rf3][%cal Ga8c8]} (12... Rc8 $5) 13. Be2 Rc8 {[%csl Rc4]} (13... a5 $5) 14. Qb3
(14. Nb5 $2 Nxc4 $1 15. Nxa7 (15. Bxc4 $2 d5 $17 {[%csl Rc2,Rc4]}) 15... Rc7
16. Nb5 Rc6 $1 17. Nd4 $140 (17. Na7 $4 Nxe3 $19 {[%csl Rc2]}) 17... Rc8 $15)
14... a5 $13 {[%csl Ra3,Rb4,Rc4]}) ({Leads to favourable simplifications for
Black:} 11. Ne4 $6 Nxe4 12. Bxe4 (12. fxe4 Qh4 $36) 12... f5 13. Bxc6 (13. Bd3
Qg5 {[%csl Rf3,Rh1][%cal Gg5g2]}) 13... dxc6 14. Bd2 {[%cal Ye1c1,Ya1d1]} Qh4
$15 {[%csl Rf2]}) 11... d5 $1 {[%cal Gd5d4] It became already clear, that
Black have decided all opening problems.} 12. cxd5 (12. b4 $143 Be7 13. f4 (13.
cxd5 exd5 {-this line transfers to 12.cxd5}) 13... Rc8 $15 {[%csl Rc2]}) 12...
exd5 13. b4 $6 {The pleased doubtful decision,but White,already can not
equalize a position:} (13. O-O-O Ne5 {[%csl Rd3,Rf3]} (13... d4 $143 14. Ne4
$13) 14. Be2 (14. f4 $2 Nxd3+ 15. Qxd3 d4 $36 {[%csl Rd3]}) 14... Rc8 15. Kb1 {
=/=/+}) 13... Be7 {White have lost the opportunities to make castle in the
long party.} 14. Nb5 ({Pretty dubiously:} 14. O-O {because of:} Ne5 15. Be2 (
15. f4 Nxd3 16. Qxd3 Qd7 $15 {[%csl Rg1]}) 15... d4 16. exd4 $140 Nc6 $1 $15) {
[%tqu "En","Please enter the best move for Black.","It is necessary to use a
weakness of the White's bishop!","It is necessary to use a weakness of the
White's king!","d5d4","",10,"a8c8","",0]} 14... d4 $1 {[%csl Rd3,Re1] All
Black's pieces have occupied ideal positions and are ready to opening a
position.} ({Leads to favourable complications for White:} 14... Rc8 $6 15. Bf5
{[%csl Rc6,Rc8][%cal Yc8c6]} Nd7 (15... Nxb4 $2 16. Qa4 $16 {[%csl Rb4,Rc8]} (
16. Qxc8 $2 Qxc8 17. Bxc8 Nc2+ 18. Ke2 Nxa1 19. Nxa7 Nb3 $11)) 16. Qb3 $13 (16.
Bxh7+ $6 Kh8 $36 {[%csl Rc2,Gc8,Rh7][%cal Gc6d4]})) 15. Be4 $6 (15. Bxh7+ $142
Nxh7 16. Qxc6 dxe3 17. Bxe3 (17. fxe3 $143 Qd3 $1 $36 {[%csl Gd3,Re1][%cal
Ge7h4]}) 17... Rc8 18. Qe4 Ng5 $36) (15. Qxc6 $142 dxe3 16. Bxh7+ (16. fxe3
$143 Qxd3 {=/+/-/+}) 16... Nxh7 {-this line transfers to 15.Bxh7}) ({It was
badly:} 15. e4 {in view of:} Rc8 {[%csl Rc2,Rd3,Rf3][%cal Gc6e5]}) 15... Nxe4
16. Qxe4 (16. fxe4 $143 Rc8 {[%csl Rc2]} 17. Qd3 Ne5 18. Qe2 d3 19. Qh5 Bf6 $17
{[%csl Ra1]}) {[%tqu "En","Please enter the best move for Black.","It is
necessary to use a weakness of the White's rook!","","e7f6","",10,"a8c8","",0]}
16... Bf6 $1 {[%csl Ra1] The important intermediate move!} (16... Rc8 $2 17.
Nxd4 Nxd4 18. Qxd4 Rc2 $44 (18... Bf6 $143 19. Qxd8 Rfxd8 20. Ra2 $14)) 17. Rc1
({Can be recommended:} 17. Rd1 {[%csl Rd8]} Qd7 {[%cal Gf8e8]} (17... Rc8 $5 {
[%cal Gf8e8]}) 18. O-O Rfe8 $140 19. Qg4 {-/+/=/+}) (17. Qxc6 $2 dxe3 {[%csl
Ra1,Rd2]} 18. Bc3 Rc8 $19 {[%csl Rc3]}) 17... dxe3 {[%csl Re1,Re4][%cal Gf8e8]}
18. fxe3 ({In this position I would accept the following decision:} 18. Bxe3 $5
Ne5 {[%cal Gd8d7,Gf8e8] -/+/=/+}) 18... Ne5 19. Ke2 ({After:} 19. Nd4 Re8 {
Unexpectedly at once loses a game:} 20. O-O $2 Nc4 $1 21. Qxe8+ (21. Qd3 $143
Nxd2 22. Qxd2 Rxe3 {[%csl Gd4,Rg1][%cal Gf6d4]}) 21... Qxe8 22. Rxc4 Rd8 $19)
19... Qd7 20. Nd4 Rad8 (20... Rfe8 $143 21. Qf5 $15) {Previous move of Black,
is directed against "Qf5", but nevertheless:} 21. Qf5 Qd6 $1 {/\Rfe8 <->e(
עe2)} (21... Qxf5 $143 22. Nxf5 Nxf3 {[%csl Rd2]} 23. Bc3 Ne5 (23... Bxc3 $143
24. Rxc3 Ne5 25. Rc7) 24. Rhd1 {=/+/-/+}) 22. Bc3 $6 (22. Rc2 $142 a6 $36 {
[%csl Rb5,Re2][%cal Ga6b5,Gf8e8]} (22... Rfe8 $143 23. Nb5 Qe7 $15)) 22... Rfe8
$17 {[%csl Re2,Re3][%cal Ge5c4]} 23. Ba1 ({After:} 23. Bb2 {it was very strong:
} b5 $1 {[%csl Rc4,Re3,Ge5][%cal Ge5c4]} 24. Nxb5 $140 $4 Qd2+) 23... Ng6 {
[%csl Re2][%cal Gf6d4]} 24. Rc4 Nf4+ {[%csl Re2,Re3]} 25. Kd2 (25. Kf2 $2 Bh4+
{[%csl Re3]}) 25... Ne6 $1 {[%csl Rd4] The game of Black corresponds to the
requirements of a position.} 26. Kc1 {The rather doubtful decision,but is very
difficult to give good advice.} Nxd4 27. Bxd4 ({Hardly it was better:} 27. exd4
g6 28. Qg4 h5 $1 {[%csl Yc4,Rd4,Yg4,Gh5][%cal Gh5g4,Gb5c4,Gb6b5]}) 27... Bxd4
28. exd4 {White can not simultaneously protect all weaknesses and consequently
should agree to the next positional concession.} (28. Rxd4 $143 Qc6+ {[%csl
Rc1,Re3,Rf3]} 29. Qc2 (29. Kd2 Rxd4+ 30. exd4 Qc4 $19 {[%csl Rd2,Rd4][%cal
Ge8e2,Gc4d4]} 31. Qd3 $140 Qa2+ {[%csl Rh1]} 32. Qc2 (32. Kc1 Rc8+ 33. Kd1 Qa1+
{[%csl Rh1]}) 32... Re2+ {[%csl Rc2,Yd2]}) (29. Kb1 Rxd4 30. exd4 Qc3 $19 {
[%csl Rb1]}) 29... Qxf3 $19) 28... g6 29. Qg5 (29. Qd3 Qf4+ {[%csl Rf3][%cal
Ge8e3]}) 29... Rc8 $19 {[%csl Rc1,Gc8,Gd6,Ge8] Black develop a decisive attack,
all their pieces are ready for this purpose.} 30. Qb5 (30. Rxc8 Rxc8+ {[%csl
Rc1,Rd4]}) 30... Qf4+ 31. Kb2 (31. Kc2 Qxf3 {[%csl Rc2,Rc4,Rh1][%cal Ge8e2,
Gf3e2,Gf3h1]}) 31... Qd2+ {[%csl Rb2,Rc4][%cal Gd2d3]} 32. Ka1 $8 Re1+ ({
In this hopeless position Anatoli Vaisser stopped to resist:} 32... Re1+ 33.
Rxe1 Qxe1+ 34. Kb2 Qe2+ 35. Kc3 (35. Kb3 Qd3+ {[%csl Rc4,Gc8,Gd3]}) 35... Re8
$1 {[%csl Rc3][%cal Ge8e3]} 36. d5 Re3+ 37. Kd4 Qd3# {Good achievement of GM
Andrei Sokolov!}) 0-1

[Event "Monarch Assurance 08th"]
[Site "Port Erin"]
[Date "1999.11.07"]
[Round "2"]
[White "Shipov, Sergei"]
[Black "Shneider, Aleksandr"]
[Result "1/2-1/2"]
[WhiteElo "2658"]
[BlackElo "2551"]
[Annotator "Golod,V"]
[PlyCount "48"]
[EventDate "1999.11.06"]
[EventType "swiss"]
[EventRounds "9"]
[EventCountry "IOM"]
[SourceTitle "CBM 074"]
[Source "ChessBase"]
[SourceDate "2000.02.01"]
[SourceVersion "1"]
[SourceVersionDate "2000.02.01"]
[SourceQuality "1"]

1. d4 Nf6 2. c4 e6 3. Nc3 Bb4 4. Qc2 c5 5. dxc5 O-O 6. a3 Bxc5 7. Nf3 {Is the
main line.Another alternative is:} (7. Bf4 $5 {See comments to Ostenstad,
B-Hansen,S/Munkebo,1998/CBM 67(1/2-1/2)(Golod,V)(26)}) 7... b6 $5 ({Another
options is:} 7... Nc6 $5 {You can see comments to games: Sokolov,I-Van der
Sterren,P/Amsterdam, 1999/CBM 73 (1/2-1/2)(Golod,V)(41)}) 8. Bg5 ({In my
opinion better is:} 8. Bf4 {See comments to Ionov,S-Janssen,R/Wijk aan Zee,
1999/CBM69(1-0)(Golod,V) (34)}) 8... Bb7 9. e4 {Other options are:} (9. e3 $5 {
See comments to games: Shipov,S- Ivanchuk,V/ Las Vegas,1999/CBM 72 (0-1)(Golod,
V)(31) and Onischuk,A-Marin,M/Koszalin,1999/CBM 73(1-0)(Golod,V)(48)}) (9. Rd1
{/\e4}) ({and} 9. O-O-O) 9... h6 $5 ({Another possibility is:} 9... Be7 $5 {
See comments to Ivanov,S-Taimanov,M/St.Petersburg,1996/ CBM 56(1-0)(Kanstler,B)
(35)}) 10. Bh4 Be7 11. Rd1 $5 {Transfer to variation:9...Be7!? 10.Rd1 h6 11.
Bh4.} ({Another alternative is:} 11. Be2 $5 {Seirawan,Y-Kveinys,A/Manila(ol),
1992/Inf 55/551(1/2-1/2) (Seirawan,Y)(51)}) 11... Nh5 ({Slightly worse is:} 
11... Nc6) 12. Bxe7 Qxe7 13. Qd2 {Is the best move.} ({Besides:} 13. Be2) (13.
Nb5 $6) ({and} 13. Nd4 {was checked in the previous games.}) 13... d5 $5 {
[%mdl 4]} ({Also interestingly:} 13... f5 $5 14. Bd3 (14. e5 $6 Bxf3 15. gxf3
Qh4 16. Ne2 Nc6 $36 {Sakalauskas,V-Grosar,A/Batumi,1999(0-1) (61)}) 14... Nf6 (
14... fxe4 $5 {Gurevich,M} 15. Bxe4 d5 $132) 15. Qe3 $5 {+/=/= Gurevich,
M-Macieja,B/Beograd,1999/Inf 74/553 (1-0)(Gurevich,M)(72)} (15. exf5 $6 {
Dao Thien Hai-Macieja,B/Zagan,1997/Inf 70/504(0-1)(Macieja,B)(49)})) 14. Qe3 $6
$146 ({Badly:} 14. cxd5 {in view of:} exd5 15. e5 $140 d4 $1 16. Qxd4 Bxf3 17.
gxf3 Nc6 18. Qe4 Nxe5 $17 {[%csl Re1] Pisulinski,J-Shipov,S/Cheliabinsk,1991
(0-1) (40)}) ({Probably much better is:} 14. e5 $5 {(Macieja,B)} dxc4 15. Be2 {
[%csl Rh5][%cal Gg2g4]} (15. Qe3 $143 Qc5 $13) 15... f6 $132) 14... dxe4 {
This logical move.} ({After:} 14... dxc4 $6 15. Bxc4 Nd7 16. O-O Nhf6 {white
equalizes.}) 15. Nxe4 $140 Rd8 16. Rxd8+ ({Dubious:} 16. Bd3 {in view of:} e5
$1 {with the idea 17...f5 or 17...Nf4}) 16... Qxd8 {[%csl Re1][%cal Gd8d1] =/=/
+} 17. Be2 ({Again badly:} 17. Bd3 {because of:} Nf4 $1 $36) 17... Nf6 ({
Can be recommended:} 17... Qc7 {/\Nf4}) 18. Nc3 $5 ({Slightly worse is:} 18.
Nxf6+ Qxf6 {[%csl Rb2]} 19. b4 Qa1+ 20. Bd1 Qa2 {[%csl Rc4]} 21. Be2 Qb1+ 22.
Bd1 Qe4 $5 {with small advantage of black in the endgame.} (22... Qa2 $11)) ({
and} 18. Ng3 Nbd7 19. O-O Qc7 {=/=/+}) 18... Nbd7 19. O-O a6 $5 {[%csl Ya6,Rb5]
[%cal Ya6b5] with the idea 20...Qc7} 20. Rd1 ({Senselessly:} 20. Ne5 {in view
of:} Qc7 21. Nxd7 Nxd7 22. Rd1 Rc8 {=/=/+}) 20... Qc7 21. h3 $5 {Against 21...
Ng4(קh2),though after:} (21. Rd2 {also impossibly:} Ng4 22. Qd4 $140 Bxf3 $4
23. Bxf3 Qxh2+ 24. Kf1 $18 {[%csl Ra8,Rd7,Rg4]}) 21... Rc8 22. Qd4 Kf8 $6 ({
Also dubios:} 22... Bxf3 $6 23. Bxf3 $140 Ne5 (23... Qxc4 $143 24. Qxc4 Rxc4
25. Be2 $14 {[%csl Ra6]}) 24. Be2 Nxc4 25. Bxc4 Qxc4 26. Qxb6 {+/=/=}) ({
In my opinion slightly better is:} 22... Qc5 {=/=/+}) 23. Qe3 Qc5 (23... Bxf3
$6 24. Qxf3 (24. Bxf3 $2 {is refuted by:} Qxc4 25. Be2 Qb3 $15 26. Bxa6 $140 $4
Rxc3 $19 {[%csl Gb3,Rd1][%cal Gb3d1]}) 24... Ne5 25. Qe3 Nxc4 26. Bxc4 Qxc4 27.
Qxb6 {+/=/=}) ({Again can be recommended:} 23... Kg8 $5 24. Qd4 $140 Qc5 {=/=/+
}) 24. Qf4 Qc7 (24... Qc7 25. Qe3 Qc5 (25... Kg8 $5 {-see 23...Kg8!?}) 26. Qf4
$11) 1/2-1/2

[Event "Lost Boys"]
[Site "Amsterdam"]
[Date "1999.08.14"]
[Round "2"]
[White "Sokolov, Ivan"]
[Black "Van der Sterren, Paul"]
[Result "1/2-1/2"]
[WhiteElo "2656"]
[BlackElo "2535"]
[Annotator "Golod,V"]
[PlyCount "81"]
[EventDate "1999.08.13"]
[EventType "tourn"]
[EventRounds "7"]
[EventCountry "NED"]
[EventCategory "14"]
[SourceTitle "CBM 073"]
[Source "ChessBase"]
[SourceDate "1999.12.01"]
[SourceVersion "1"]
[SourceVersionDate "1999.12.01"]
[SourceQuality "1"]

1. d4 Nf6 2. c4 e6 3. Nc3 Bb4 4. Qc2 c5 5. dxc5 O-O 6. a3 Bxc5 7. Nf3 (7. Bf4
$5 {-see comments to Ostenstad,B-Hansen,S/Munkebo,1998/CBM 67(1/2-1/2)(Golod,V)
(26)}) 7... Nc6 $5 ({Another options is:} 7... b6 $5 {You can see comments to
games: Shipov,S-Ivanchuk,V/Las Vegas,1999/CBM 72(0-1)(Golod,V)(31) and
Onischuk,A-Marin,M/Koszalin,1999/CBM 73 (1-0)(Golod,V)(48)}) 8. Bg5 $5 {
Is the main line,other alternatives are:} (8. Bf4 $5) (8. e3) (8. b4) ({and} 8.
g3) 8... Nd4 $5 {[%mdl 4] After this move white has a forced transfer to
slightly better endgame.Though hardly better is:} (8... Be7) (8... b6) ({or} 
8... h6) 9. Nxd4 Bxd4 10. e3 Qa5 {[%csl Ga5,Rc3,Rg5]} (10... Be5 $6 11. Bd3 h6
12. Bh4 b6 13. f4 $14 {Petrosian,A-Mnatsakanian,E/Warsaw,1989 (1/2-1/2)(38)}) (
10... Bxc3+ $6 11. Qxc3 $140 Ne4 $2 12. Bxd8 Nxc3 13. Bc7 Na4 $2 (13... Ne4 $16
) 14. Bd6 Re8 15. b3 {[%csl Ra4] 1-0 Crouch,C-O'Cinneide,M/Dublin,1993 (15)}
Nb6 $140 16. e4 $18 {[%csl Rb6][%cal Gc4c5]}) 11. exd4 Qxg5 12. Qd2 $5 (12. g3
$143) 12... Qxd2+ {Differently after:12...Qa5 or 12...Qg6-white has a big
advantage.} 13. Kxd2 b6 $5 {This move better than:} (13... d6 {/\Bd7,Rfc8,
Kf8-e7}) ({and of course:} 13... d5 14. c5 Bd7 15. f3 Rfe8 16. Bd3 e5 17. Rhe1
exd4 18. Ne2 $14 {Arlandi,E-Valenti,G/Torino,1998(1/2-1/2)(57)}) 14. b4 ({
Also possibly:} 14. f3) ({and} 14. Bd3) 14... Bb7 {Besides,black has two
options:} (14... d6 $5 {-see comments to Kasparov,G-Kramnik,V/ Tilburg,1997/
CBM 61(1/2-1/2)(Dokhojan)(35)}) ({and} 14... Ba6 $6) 15. f3 d6 16. Bd3 Rfd8 $5
(16... Rfc8 $5 {-was checked in the previous games:} 17. Rhb1 $5 (17. Rhc1 $5
Kf8 18. a4 (18. Ne4 $143 Nxe4+ 19. Bxe4 d5 20. cxd5 Bxd5 21. Bxd5 {1/2-1/2
Cramling,P-Akesson,R/Stockholm, 1999(21)}) 18... a5 19. Rab1 axb4 20. Rxb4 Nd7
21. Ne4 Bxe4 22. Bxe4 Ra5 {+/=/= Mohr,S-Tolnai,T/Dortmund,1989(1/2-1/2) (58)})
17... Bc6 18. a4 a5 19. bxa5 bxa5 20. Rb6 Kf8 21. Rab1 $5 (21. Be4 $2 Bxe4 22.
fxe4 Rxc4 23. Kd3 Rac8 $17 {Andruet,G-Pavlovic,M/Athens Akropolis op 1989(0-1)
(29)}) 21... Ke7 22. d5 Bd7 23. Rb7 Rc5 24. g4 h6 25. h4 $14 {Mohr,S-Muse,M/
Berlin,1989(1/2-1/2)(52)}) 17. Rhc1 (17. Rhb1 $5 {-see comments to Salov,
V-Andersson,U/ Reykjavik,1991/CBM 26(1-0)(Salov)(61)}) 17... Kf8 $5 (17... g6
$5 18. Ke3 Rac8 19. Ne4 Kg7 20. Nd2 $6 e5 $11 {Dimitriadis,K-Johansen,D/
Thessaloniki,1984(0-1)(57)}) 18. Rab1 $5 $146 {[%cal Gf8e7] /\a4-a5,<->b} (18.
Nd1 $5 {[%cal Gd1e3]} g6 19. Ne3 Nd7 20. Bc2 a5 21. Ba4 axb4 22. axb4 Ke7 23.
Bb5 $14 {Sonntag,H-Stertenbrink,G/BL2-W,1990/ GER-chT2(1/2-1/2)(48)}) 18... Bc6
({In my opinion slightly better is:} 18... Ke7 19. a4 Rab8 20. a5 bxa5 21. bxa5
Bc6 {+/=/=}) 19. a4 $140 a5 {[%csl Ra4]} 20. bxa5 bxa5 21. Rb6 $14 {[%csl Gb6]}
Rdc8 {[%cal Gf6d7]} 22. Rcb1 ({Senselessly:} 22. d5 {in view of:} exd5 23. cxd5
Bxd5 (23... Nxd5 $2 24. Rxc6 Rxc6 25. Nxd5 Rxc1 26. Kxc1 Rc8+ 27. Kd2 Rc5 28.
Nb6 $16) 24. Nxd5 Nxd5 25. Rxd6 Rxc1 26. Kxc1 Ne3 $1 27. g3 $140 Rc8+ $11 {
[%cal Ge3c4]}) 22... g6 {[%csl Yg6,Yh7]} ({Also can be recommended:} 22... Nd7
23. R6b3 Nf6 24. Ke3 Ke7 $14) ({Dubious:} 22... g5 {in view of:} 23. d5) 23. h4
{[%csl Gh4][%cal Yh4g5]} Ke7 {with the idea:Nd7 and Rab8} 24. Be2 ({Logically:
} 24. Ke3 Nd7 25. R6b2 Rab8 26. Nb5 $14) 24... Nd7 25. R6b2 Rab8 26. Nb5 $5 ({
After:} 26. Rxb8 Rxb8 27. Rxb8 Nxb8 {-equality.}) 26... e5 $5 {Probably this
solution is better,than passive move:} (26... Rb7) 27. Na7 {Necessary move.
Differently after:} (27. Ke3 exd4+ 28. Kxd4 {or}) (27. d5 Bxb5 28. Rxb5 Rxb5
29. Rxb5 Rc5 {[%csl Yc5] -equality.}) 27... Rxb2+ 28. Rxb2 Rc7 $8 29. Nxc6+ ({
Dubious:} 29. Nb5 Rb7 $140 30. d5 $2 {because of:} Bxb5 31. Rxb5 Rxb5 32. axb5
(32. cxb5 $2 Nb6 $17 {[%csl Rd5]}) 32... Kd8 $15 {[%cal Gd8c7,Gc7b6]}) 29...
Rxc6 30. Rb5 {[%csl Ra5]} (30. Kd3 $143 exd4 31. Rb5 Nc5+ 32. Kxd4 Ne6+ (32...
Nxa4 $143 33. Rxa5 Nc5 34. Ra7+ $14) 33. Ke3 Rc5 $11 {[%csl Yc5]}) 30... exd4
$1 ({Badly:} 30... Ra6 {in view of:} 31. dxe5 Nxe5 (31... dxe5 32. Kc3 $16) 32.
Rb7+ $16) 31. Rxa5 Rc7 {[%csl Yc7][%cal Gd7c5,Yc7a7]} 32. Rb5 {[%cal Ga4a5]} ({
Senselessly:} 32. Kd3 {in view of:} Nc5+ 33. Kxd4 $140 $4 Nb3+ {[%csl Ra5,Rd4]}
) 32... Nc5 (32... Ra7 33. Bd1 Nc5 {-transfer to 32...Nc5}) 33. Bd1 (33. a5 Ra7
{[%csl Ra5][%cal Gc5b7]} 34. g3 Nb7 35. Kd3 Nxa5 36. Kxd4 $11) 33... Ra7 {
[%csl Ra4]} 34. Rb4 (34. a5 Nb7 $11) 34... f5 $5 {Blakc's plan is:f4,Kf6-e5,d5.
} 35. Bc2 f4 36. Rb1 {[%csl Yc5,Rd4,Rf4][%cal Gb1e1]} d5 $5 $11 ({Also
equality after:} 36... d3) 37. cxd5 Kd6 38. Rb8 {[%cal Gb8d8]} Kxd5 39. Rd8+
Kc4 40. Rc8 {[%cal Gc2d3]} ({Dubious:} 40. Rf8 {in view of:} Nxa4 $36) 40...
Kd5 41. Rd8+ 1/2-1/2